| 000 | 00671 a2200193 4500 | ||
|---|---|---|---|
| 003 | Nust | ||
| 005 | 20221208113300.0 | ||
| 020 | _a8120307712 | ||
| 040 | _cNust | ||
| 082 | _a621.382,MAR | ||
| 100 |
_a Martin, James, _9786 |
||
| 245 |
_aTelecommunications and the computer / _cJames Martin |
||
| 250 | _a3rd.ed | ||
| 260 |
_aEnglewood Cliffs, N.J., _bPrentice-Hall [1969] _c1969 |
||
| 300 | _a719 p. | ||
| 505 | _aIntroduction (Page-3), Analog Transmission (Page-159), Digital Transmission (Page-297), Switching (Page-441), Communications in the Office (Page-551), Imperfections (Page-639), | ||
| 650 |
_aTelecommunications engineering. _958485 |
||
| 942 |
_2ddc _cBK |
||
| 999 |
_c179187 _d179187 |
||